| 000 | 00431nam a22001337a 4500 | ||
|---|---|---|---|
| 040 | _cNUST | ||
| 082 | _a220 PRO | ||
| 100 |
_aNC Haris Ghafoor PC Awais Asghar NC Malik Haseeb Haider NC Haziq Ajam Malik _9103578 |
||
| 110 | _aProject Supervisor Dr. Shahzor Ahmad | ||
| 245 | _aPR-SOF-2202-Decentralized Machine Learning | ||
| 260 |
_aIslamabad: _bNUST College of EME, _c2022. |
||
| 650 |
_aDE-ELECT-40 _9103514 |
||
| 942 |
_2ddc _cPR |
||
| 999 |
_c592485 _d592485 |
||